000 00255nam a22001217a 4500
008 170526b xxu||||| |||| 00| 0 eng d
041 _aeng
080 _a624
100 _a27
101 _aIM
245 _aPLUMBING AND HEATING
_cDAY, R
942 _2udc
_cBK
999 _c14466
_d14466